[Event "DVM U16w 2023"]
[Site "Magdeburg GER"]
[Date "2023.12.29"]
[Round "6"]
[White "Lankes, Selina"]
[Black "Piffczyk, Claudia"]
[Result "0-1"]
[Termination "normal"]
[Board "8.4"]
[WhiteElo "933"]
[BlackElo "911"]
[WhiteClock "01:34:03"]
[BlackClock "01:24:51"]
[WhiteTeam "SF Roding"]
[BlackTeam "SC Garching 1980 2"]
[PlyCount "76"]
[WhiteFideId "34639756"]
[BlackFideId "34639829"]
[EventCountry "GER"]
[EventRounds "7"]
[EventType "team-swiss"]
[EventDate "2023.12.26"]

1. e4 {[%clk 01:30:57]} {[%emt 00:00:04]} e5 {[%clk 01:30:54]} {[%emt
00:00:05]} 2. Nf3 {[%clk 01:31:21]} {[%emt 00:00:05]} Nc6 {[%clk 01:31:15]}
{[%emt 00:00:09]} 3. Nc3 {[%clk 01:31:40]} {[%emt 00:00:11]} Nf6 {[%clk
01:31:34]} {[%emt 00:00:12]} 4. Bc4 {[%clk 01:31:40]} {[%emt 00:00:29]} Nxe4
{[%clk 01:31:03]} {[%emt 00:01:00]} 5. Bxf7+ {[%clk 01:31:45]} {[%emt
00:00:26]} Kxf7 {[%clk 01:31:19]} {[%emt 00:00:13]} 6. Nxe4 {[%clk 01:31:55]}
{[%emt 00:00:22]} d5 {[%clk 01:30:43]} {[%emt 00:01:05]} 7. Neg5+ {[%clk
01:32:10]} {[%emt 00:00:16]} Ke8 {[%clk 01:29:58]} {[%emt 00:01:14]} 8. d4
{[%clk 01:32:19]} {[%emt 00:00:21]} Bg4 {[%clk 01:25:13]} {[%emt 00:05:15]} 9.
c3 {[%clk 01:32:13]} {[%emt 00:00:36]} e4 {[%clk 01:24:00]} {[%emt 00:01:43]}
10. Ne5 {[%clk 01:31:24]} {[%emt 00:01:19]} Nxe5 {[%clk 01:22:03]} {[%emt
00:02:27]} 11. Qa4+ {[%clk 01:31:26]} {[%emt 00:00:27]} Bd7 {[%clk 01:21:07]}
{[%emt 00:01:27]} 12. Qb4 {[%clk 01:30:59]} {[%emt 00:00:56]} Bxb4 {[%clk
01:21:19]} {[%emt 00:00:18]} 13. dxe5 {[%clk 01:30:49]} {[%emt 00:00:41]} Be7
{[%clk 01:21:14]} {[%emt 00:00:35]} 14. Nh3 {[%clk 01:30:40]} {[%emt 00:00:38]}
Bxh3 {[%clk 01:21:20]} {[%emt 00:00:26]} 15. gxh3 {[%clk 01:30:58]} {[%emt
00:00:12]} Rf8 {[%clk 01:21:01]} {[%emt 00:00:48]} 16. Rg1 {[%clk 01:31:11]}
{[%emt 00:00:16]} g6 {[%clk 01:20:55]} {[%emt 00:00:37]} 17. Bh6 {[%clk
01:31:30]} {[%emt 00:00:11]} Rf5 {[%clk 01:20:59]} {[%emt 00:00:24]} 18. Bg7
{[%clk 01:31:23]} {[%emt 00:00:39]} Bh4 {[%clk 01:21:10]} {[%emt 00:00:21]} 19.
Rg2 {[%clk 01:31:12]} {[%emt 00:00:41]} e3 {[%clk 01:21:18]} {[%emt 00:00:23]}
20. Rd1 {[%clk 01:31:24]} {[%emt 00:00:17]} Qe7 {[%clk 01:20:21]} {[%emt
00:01:27]} 21. Bh8 {[%clk 01:31:19]} {[%emt 00:00:32]} Kd7 {[%clk 01:20:32]}
{[%emt 00:00:21]} 22. Rxd5+ {[%clk 01:31:37]} {[%emt 00:00:12]} Kc6 {[%clk
01:20:46]} {[%emt 00:00:16]} 23. Rd3 {[%clk 01:31:28]} {[%emt 00:00:37]} Rxh8
{[%clk 01:21:05]} {[%emt 00:00:12]} 24. Rxe3 {[%clk 01:31:46]} {[%emt
00:00:13]} Rxe5 {[%clk 01:21:24]} {[%emt 00:00:10]} 25. Ke2 {[%clk 01:31:42]}
{[%emt 00:00:35]} Re8 {[%clk 01:21:38]} {[%emt 00:00:16]} 26. Rg4 {[%clk
01:30:53]} {[%emt 00:01:18]} Rxe3+ {[%clk 01:21:55]} {[%emt 00:00:14]} 27. fxe3
{[%clk 01:31:10]} {[%emt 00:00:13]} Qxe3+ {[%clk 01:22:16]} {[%emt 00:00:09]}
28. Kd1 {[%clk 01:31:35]} {[%emt 00:00:06]} Rd8+ {[%clk 01:22:08]} {[%emt
00:00:37]} 29. Kc2 {[%clk 01:31:45]} {[%emt 00:00:20]} Rd2+ {[%clk 01:22:12]}
{[%emt 00:00:27]} 30. Kb3 {[%clk 01:32:05]} {[%emt 00:00:10]} Qb6+ {[%clk
01:22:30]} {[%emt 00:00:11]} 31. Rb4 {[%clk 01:32:17]} {[%emt 00:00:18]} Qf2
{[%clk 01:22:25]} {[%emt 00:00:35]} 32. Rc4+ {[%clk 01:32:36]} {[%emt
00:00:12]} Kd7 {[%clk 01:22:48]} {[%emt 00:00:06]} 33. Rb4 {[%clk 01:32:43]}
{[%emt 00:00:23]} Rxb2+ {[%clk 01:23:09]} {[%emt 00:00:09]} 34. Ka3 {[%clk
01:33:04]} {[%emt 00:00:10]} Rxa2+ {[%clk 01:23:29]} {[%emt 00:00:09]} 35. Kb3
{[%emt 00:00:36]} Qb2+ {[%clk 01:23:45]} 36. Kc4 {[%clk 01:33:35]} {[%emt
00:00:07]} Qe2+ {[%clk 01:24:08]} {[%emt 00:00:06]} 37. Kd4 {[%clk 01:33:50]}
{[%emt 00:00:17]} Rd2+ {[%clk 01:24:28]} {[%emt 00:00:11]} 38. Kc5 {[%clk
01:34:03]} {[%emt 00:00:16]} b6+ {[%clk 01:24:51]} {[%emt 00:00:06]} 0-1

[Event "DVM U16w 2023"]
[Site "Magdeburg GER"]
[Date "2023.12.29"]
[Round "6"]
[White "Lohrmann, Flavia"]
[Black "Dhanasekaran Meenambigai, Diya"]
[Result "0-1"]
[Termination "normal"]
[Board "9.1"]
[WhiteElo "1096"]
[BlackElo "1369"]
[WhiteClock "00:26:18"]
[BlackClock "00:36:17"]
[WhiteTeam "SK Freiburg-Zähringen 1887"]
[BlackTeam "SG Solingen"]
[PlyCount "90"]
[WhiteFideId "12982865"]
[BlackFideId "34611924"]
[EventCountry "GER"]
[EventRounds "7"]
[EventType "team-swiss"]
[EventDate "2023.12.26"]

1. e4 {[%clk 01:30:57]} {[%emt 00:00:02]} c6 {[%clk 01:30:51]} {[%emt
00:00:10]} 2. d4 {[%clk 01:31:17]} {[%emt 00:00:11]} d5 {[%clk 01:31:13]}
{[%emt 00:00:08]} 3. e5 {[%clk 01:31:39]} {[%emt 00:00:08]} Bf5 {[%clk
01:31:17]} {[%emt 00:00:25]} 4. Bd3 {[%clk 01:31:24]} {[%emt 00:00:45]} Bxd3
{[%clk 01:31:21]} {[%emt 00:00:27]} 5. Qxd3 {[%clk 01:31:43]} {[%emt 00:00:10]}
e6 {[%clk 01:31:28]} {[%emt 00:00:22]} 6. Nf3 {[%clk 01:32:03]} {[%emt
00:00:11]} Nd7 {[%clk 01:29:10]} {[%emt 00:02:48]} 7. Bf4 {[%clk 01:31:25]}
{[%emt 00:01:09]} Ne7 {[%clk 01:26:04]} {[%emt 00:03:35]} 8. Nc3 {[%clk
01:29:04]} {[%emt 00:02:51]} Ng6 {[%clk 01:25:19]} {[%emt 00:01:15]} 9. Be3
{[%clk 01:28:28]} {[%emt 00:01:06]} f6 {[%clk 01:21:09]} {[%emt 00:04:41]} 10.
exf6 {[%clk 01:22:48]} {[%emt 00:06:10]} Nxf6 {[%clk 01:21:19]} {[%emt
00:00:19]} 11. O-O {[%clk 01:21:36]} {[%emt 00:01:42]} Bd6 {[%clk 01:19:52]}
{[%emt 00:01:58]} 12. Bg5 {[%clk 01:17:33]} {[%emt 00:04:33]} O-O {[%clk
01:19:03]} {[%emt 00:01:18]} 13. Rfe1 {[%clk 01:16:52]} {[%emt 00:01:11]} Qd7
{[%clk 01:11:53]} {[%emt 00:07:39]} 14. Ne5 {[%clk 01:08:29]} {[%emt 00:08:53]}
Bxe5 {[%clk 01:10:46]} {[%emt 00:01:37]} 15. dxe5 {[%clk 01:07:04]} {[%emt
00:01:55]} Ne8 {[%clk 01:06:17]} {[%emt 00:05:00]} 16. Qg3 {[%clk 00:55:15]}
{[%emt 00:12:19]} Qf7 {[%clk 01:01:50]} {[%emt 00:04:57]} 17. Re3 {[%clk
00:47:16]} {[%emt 00:08:29]} Qf5 {[%clk 00:55:54]} {[%emt 00:06:26]} 18. Rc1
{[%clk 00:43:40]} {[%emt 00:04:06]} d4 {[%clk 00:54:28]} {[%emt 00:01:56]} 19.
Rf3 {[%clk 00:37:11]} {[%emt 00:07:00]} Qxe5 {[%clk 00:53:48]} {[%emt
00:01:10]} 20. Na4 {[%clk 00:36:23]} {[%emt 00:01:18]} Rxf3 {[%clk 00:52:04]}
{[%emt 00:02:14]} 21. Qxe5 {[%clk 00:29:56]} {[%emt 00:06:56]} Nxe5 {[%clk
00:52:21]} {[%emt 00:00:15]} 22. gxf3 {[%clk 00:30:15]} {[%emt 00:00:11]} Nxf3+
{[%clk 00:52:46]} {[%emt 00:00:06]} 23. Kg2 {[%clk 00:30:06]} {[%emt 00:00:38]}
Nxg5 {[%clk 00:53:10]} {[%emt 00:00:06]} 24. Rd1 {[%clk 00:30:17]} {[%emt
00:00:19]} Rd8 {[%clk 00:52:41]} {[%emt 00:00:58]} 25. c3 {[%clk 00:29:55]}
{[%emt 00:00:53]} d3 {[%clk 00:52:41]} {[%emt 00:00:30]} 26. Nc5 {[%clk
00:29:43]} {[%emt 00:00:43]} e5 {[%clk 00:52:00]} {[%emt 00:01:11]} 27. Nxb7
{[%clk 00:29:19]} {[%emt 00:00:53]} Rd5 {[%clk 00:50:57]} {[%emt 00:01:34]} 28.
c4 {[%clk 00:28:28]} {[%emt 00:01:21]} Rd4 {[%clk 00:51:07]} {[%emt 00:00:20]}
29. b3 {[%clk 00:28:35]} {[%emt 00:00:23]} e4 {[%clk 00:50:30]} {[%emt
00:01:05]} 30. Na5 {[%clk 00:28:08]} {[%emt 00:00:57]} Rd6 {[%clk 00:48:54]}
{[%emt 00:02:06]} 31. c5 {[%clk 00:27:42]} {[%emt 00:00:58]} Rg6 {[%clk
00:43:07]} {[%emt 00:06:15]} 32. Kg3 {[%clk 00:26:02]} {[%emt 00:02:11]} Nf3+
{[%clk 00:42:23]} {[%emt 00:01:14]} 33. Kf4 {[%clk 00:26:24]} {[%emt 00:00:07]}
d2 {[%clk 00:37:48]} {[%emt 00:05:06]} 34. Kxe4 {[%clk 00:26:14]} {[%emt
00:00:40]} Rg1 {[%clk 00:37:58]} {[%emt 00:00:21]} 35. Rxg1 {[%clk 00:24:52]}
{[%emt 00:01:52]} Nxg1 {[%clk 00:38:07]} {[%emt 00:00:21]} 36. Nxc6 {[%clk
00:24:59]} {[%emt 00:00:23]} d1=Q {[%clk 00:38:28]} {[%emt 00:00:09]} 37. Ne7+
{[%clk 00:24:44]} {[%emt 00:00:45]} Kf7 {[%clk 00:38:08]} {[%emt 00:00:51]} 38.
Nf5 {[%clk 00:25:06]} {[%emt 00:00:08]} Nf6+ {[%clk 00:35:51]} {[%emt
00:02:47]} 39. Kf4 {[%clk 00:25:22]} {[%emt 00:00:14]} Qf3+ {[%clk 00:36:01]}
{[%emt 00:00:19]} 40. Ke5 {[%clk 00:25:36]} {[%emt 00:00:17]} Qd5+ {[%clk
00:35:59]} {[%emt 00:00:31]} 41. Kf4 {[%clk 00:25:48]} {[%emt 00:00:19]} Nh3+
{[%clk 00:36:05]} {[%emt 00:00:24]} 42. Kg3 {[%clk 00:25:48]} {[%emt 00:00:30]}
Qxf5 {[%clk 00:35:51]} {[%emt 00:00:44]} 43. Kg2 {[%clk 00:25:49]} {[%emt
00:00:30]} Qxf2+ {[%clk 00:35:47]} {[%emt 00:00:33]} 44. Kxh3 {[%clk 00:26:09]}
{[%emt 00:00:10]} g5 {[%clk 00:35:55]} {[%emt 00:00:23]} 45. a4 {[%clk
00:26:18]} {[%emt 00:00:22]} g4# {[%clk 00:36:17]} {[%emt 00:00:08]} 0-1

[Event "DVM U16w 2023"]
[Site "Magdeburg GER"]
[Date "2023.12.29"]
[Round "6"]
[White "Malagatte, Samiksha"]
[Black "Nehrukumar, Snikitha"]
[Result "1-0"]
[Termination "normal"]
[Board "9.2"]
[WhiteElo "1321"]
[BlackElo "1019"]
[WhiteClock "00:54:35"]
[BlackClock "01:18:53"]
[WhiteTeam "SG Solingen"]
[BlackTeam "SK Freiburg-Zähringen 1887"]
[PlyCount "57"]
[WhiteFideId "34633790"]
[BlackFideId "34660569"]
[EventCountry "GER"]
[EventRounds "7"]
[EventType "team-swiss"]
[EventDate "2023.12.26"]

1. e4 {[%clk 01:30:59]} e5 {[%clk 01:30:55]} {[%emt 00:00:07]} 2. Nf3 {[%clk
01:31:16]} {[%emt 00:00:12]} Nc6 {[%clk 01:31:16]} {[%emt 00:00:09]} 3. d4
{[%clk 01:31:41]} {[%emt 00:00:05]} exd4 {[%clk 01:31:04]} {[%emt 00:00:42]} 4.
Nxd4 {[%clk 01:32:05]} {[%emt 00:00:05]} Nxd4 {[%clk 01:31:22]} {[%emt
00:00:12]} 5. Qxd4 {[%clk 01:32:26]} {[%emt 00:00:09]} d6 {[%clk 01:31:21]}
{[%emt 00:00:33]} 6. Nc3 {[%clk 01:32:36]} {[%emt 00:00:19]} Bd7 {[%clk
01:30:49]} {[%emt 00:01:03]} 7. Bf4 {[%clk 01:32:28]} {[%emt 00:00:37]} Nf6
{[%clk 01:30:41]} {[%emt 00:00:39]} 8. O-O-O {[%clk 01:31:18]} {[%emt
00:01:41]} Be7 {[%clk 01:29:58]} {[%emt 00:01:11]} 9. Bc4 {[%clk 01:31:16]}
{[%emt 00:00:32]} O-O {[%clk 01:29:53]} {[%emt 00:00:36]} 10. f3 {[%clk
01:31:36]} {[%emt 00:00:10]} Re8 {[%clk 01:28:38]} {[%emt 00:01:44]} 11. g4
{[%clk 01:31:04]} {[%emt 00:01:02]} h6 {[%clk 01:27:53]} {[%emt 00:01:14]} 12.
h4 {[%clk 01:31:21]} {[%emt 00:00:13]} c5 {[%clk 01:27:56]} {[%emt 00:00:28]}
13. Qd3 {[%clk 01:31:36]} {[%emt 00:00:15]} Be6 {[%clk 01:23:22]} {[%emt
00:05:05]} 14. Bxe6 {[%clk 01:30:54]} {[%emt 00:01:11]} fxe6 {[%clk 01:23:19]}
{[%emt 00:00:33]} 15. g5 {[%clk 01:28:32]} {[%emt 00:02:53]} hxg5 {[%clk
01:22:29]} {[%emt 00:01:21]} 16. hxg5 {[%clk 01:23:43]} {[%emt 00:05:18]} Nd7
{[%clk 01:22:15]} {[%emt 00:00:45]} 17. e5 {[%clk 01:22:48]} {[%emt 00:01:23]}
Nf8 {[%clk 01:21:44]} {[%emt 00:01:02]} 18. exd6 {[%clk 01:19:06]} {[%emt
00:04:12]} Bxg5 {[%clk 01:21:10]} {[%emt 00:01:03]} 19. Bxg5 {[%clk 01:18:08]}
{[%emt 00:01:29]} Qxg5+ {[%clk 01:21:25]} {[%emt 00:00:15]} 20. Kb1 {[%clk
01:18:31]} {[%emt 00:00:07]} Red8 {[%clk 01:21:17]} {[%emt 00:00:38]} 21. Rdg1
{[%clk 01:18:19]} {[%emt 00:00:43]} Qe5 {[%clk 01:19:54]} {[%emt 00:01:48]} 22.
Ne4 {[%clk 01:14:44]} {[%emt 00:04:09]} Rd7 {[%clk 01:19:40]} {[%emt 00:00:44]}
23. Rg5 {[%clk 00:59:43]} {[%emt 00:15:30]} Qf4 {[%clk 01:18:45]} {[%emt
00:01:26]} 24. Rg4 {[%clk 00:56:31]} {[%emt 00:03:41]} Qf7 {[%clk 01:18:27]}
{[%emt 00:00:40]} 25. Ng5 {[%clk 00:55:50]} {[%emt 00:01:19]} Qe8 {[%clk
01:18:34]} {[%emt 00:00:23]} 26. Nh7 {[%clk 00:54:43]} {[%emt 00:01:35]} Nxh7
{[%clk 01:18:15]} {[%emt 00:00:52]} 27. Qxh7+ {[%clk 00:55:02]} {[%emt
00:00:10]} Kf8 {[%clk 01:18:35]} {[%emt 00:00:11]} 28. Rf4+ {[%clk 00:54:35]}
{[%emt 00:00:57]} Qf7 {[%clk 01:18:53]} {[%emt 00:00:12]} 29. Qh8# {[%emt
00:00:50]} 1-0

[Event "DVM U16w 2023"]
[Site "Magdeburg GER"]
[Date "2023.12.29"]
[Round "6"]
[White "Senthilkumar, Vasanthi"]
[Black "Fetahovic, Maida"]
[Result "0-1"]
[Termination "normal"]
[Board "9.3"]
[WhiteElo "792"]
[BlackElo "1038"]
[WhiteClock "01:24:01"]
[BlackClock "01:24:00"]
[WhiteTeam "SK Freiburg-Zähringen 1887"]
[BlackTeam "SG Solingen"]
[PlyCount "58"]
[WhiteFideId "34682511"]
[BlackFideId "34611932"]
[EventCountry "GER"]
[EventRounds "7"]
[EventType "team-swiss"]
[EventDate "2023.12.26"]

1. e4 c6 {[%emt 00:00:08]} 2. d4 {[%clk 01:30:38]} {[%emt 00:00:11]} d5 {[%clk
01:30:56]} {[%emt 00:00:07]} 3. exd5 {[%clk 01:30:51]} {[%emt 00:00:17]} cxd5
{[%clk 01:31:21]} {[%emt 00:00:05]} 4. Nf3 {[%clk 01:30:52]} {[%emt 00:00:28]}
Bg4 {[%clk 01:31:21]} {[%emt 00:00:30]} 5. h3 {[%clk 01:31:09]} {[%emt
00:00:14]} Bh5 {[%clk 01:31:43]} {[%emt 00:00:09]} 6. g4 {[%clk 01:31:26]}
{[%emt 00:00:12]} Bg6 {[%clk 01:32:07]} {[%emt 00:00:06]} 7. Nc3 {[%clk
01:31:26]} {[%emt 00:00:29]} e6 {[%clk 01:31:44]} {[%emt 00:00:54]} 8. Be2
{[%clk 01:31:29]} {[%emt 00:00:27]} h6 {[%clk 01:31:28]} {[%emt 00:00:46]} 9.
Bf4 {[%clk 01:31:32]} {[%emt 00:00:27]} Nc6 {[%clk 01:31:32]} {[%emt 00:00:26]}
10. Qd2 {[%clk 01:31:47]} {[%emt 00:00:15]} Qb6 {[%clk 01:30:51]} {[%emt
00:01:12]} 11. O-O-O {[%clk 01:31:19]} {[%emt 00:00:56]} a5 {[%clk 01:29:02]}
{[%emt 00:02:22]} 12. Rhg1 {[%clk 01:30:51]} {[%emt 00:00:57]} Nb4 {[%clk
01:28:04]} {[%emt 00:01:28]} 13. a3 {[%clk 01:30:27]} {[%emt 00:00:55]} Nxc2
{[%clk 01:27:19]} {[%emt 00:01:13]} 14. Bd3 {[%clk 01:29:23]} {[%emt 00:01:34]}
Nxd4 {[%clk 01:25:48]} {[%emt 00:02:03]} 15. Nxd4 {[%emt 00:00:37]} Qxd4 {[%clk
01:26:01]} {[%emt 00:00:14]} 16. Bxg6 {[%clk 01:29:25]} {[%emt 00:00:23]} Qxd2+
{[%clk 01:26:23]} {[%emt 00:00:10]} 17. Bxd2 {[%clk 01:29:21]} {[%emt
00:00:33]} fxg6 {[%clk 01:26:44]} {[%emt 00:00:09]} 18. Nb5 {[%clk 01:28:00]}
{[%emt 00:01:51]} Rc8+ {[%clk 01:26:47]} {[%emt 00:00:29]} 19. Kb1 {[%clk
01:27:04]} {[%emt 00:01:23]} Nf6 {[%clk 01:26:45]} {[%emt 00:00:33]} 20. Rg3
{[%clk 01:26:59]} {[%emt 00:00:35]} Bc5 {[%clk 01:26:27]} {[%emt 00:00:48]} 21.
Rf3 {[%clk 01:26:52]} {[%emt 00:00:37]} O-O {[%clk 01:26:35]} {[%emt 00:00:23]}
22. Rc3 {[%clk 01:26:26]} {[%emt 00:00:56]} Ne4 {[%clk 01:26:14]} {[%emt
00:00:49]} 23. Rc2 {[%clk 01:26:34]} {[%emt 00:00:20]} Bxf2 {[%clk 01:24:22]}
{[%emt 00:02:25]} 24. Rxc8 {[%clk 01:26:24]} {[%emt 00:00:40]} Rxc8 {[%clk
01:24:44]} {[%emt 00:00:09]} 25. Rc1 {[%clk 01:26:31]} {[%emt 00:00:22]} Nxd2+
{[%clk 01:24:56]} {[%emt 00:00:19]} 26. Ka1 {[%clk 01:25:54]} {[%emt 00:01:05]}
Rxc1+ {[%clk 01:24:50]} {[%emt 00:00:38]} 27. Ka2 {[%clk 01:26:05]} {[%emt
00:00:17]} a4 {[%clk 01:24:00]} {[%emt 00:01:22]} 28. Nd6 {[%clk 01:25:32]}
{[%emt 00:01:03]} Nb3 {[%clk 01:24:16]} {[%emt 00:00:13]} 29. Nxb7 {[%clk
01:24:01]} {[%emt 00:02:01]} Ra1# {[%clk 01:24:00]} {[%emt 00:00:09]} 0-1

[Event "DVM U16w 2023"]
[Site "Magdeburg GER"]
[Date "2023.12.29"]
[Round "6"]
[White "Kovalyova, Alina"]
[Black "Shrikrishna, Aradhana"]
[Result "1-0"]
[Termination "normal"]
[Board "9.4"]
[WhiteElo "1146"]
[BlackElo "742"]
[WhiteClock "01:30:30"]
[BlackClock "01:30:01"]
[WhiteTeam "SG Solingen"]
[BlackTeam "SK Freiburg-Zähringen 1887"]
[PlyCount "35"]
[WhiteFideId "34669477"]
[BlackFideId "34682520"]
[EventCountry "GER"]
[EventRounds "7"]
[EventType "team-swiss"]
[EventDate "2023.12.26"]

1. e4 {[%clk 01:31:00]} e5 {[%clk 01:31:25]} {[%emt 00:00:03]} 2. Nf3 {[%clk
01:31:23]} {[%emt 00:00:07]} Nf6 {[%clk 01:31:26]} {[%emt 00:00:22]} 3. d3
{[%clk 01:31:23]} {[%emt 00:00:39]} Nc6 {[%clk 01:31:30]} {[%emt 00:00:25]} 4.
Bg5 {[%clk 01:31:37]} {[%emt 00:00:16]} h6 {[%clk 01:31:43]} {[%emt 00:00:15]}
5. Bh4 {[%clk 01:31:04]} {[%emt 00:01:05]} Bb4+ {[%clk 01:31:47]} {[%emt
00:00:24]} 6. c3 {[%clk 01:31:04]} {[%emt 00:00:32]} Ba5 {[%clk 01:31:57]}
{[%emt 00:00:17]} 7. b4 {[%clk 01:30:47]} {[%emt 00:00:49]} Bb6 {[%clk
01:32:13]} {[%emt 00:00:14]} 8. d4 {[%clk 01:30:18]} {[%emt 00:01:00]} Ne7
{[%clk 01:32:07]} {[%emt 00:00:32]} 9. Nxe5 {[%clk 01:30:05]} {[%emt 00:00:47]}
Nxe4 {[%clk 01:31:10]} {[%emt 00:01:25]} 10. Bd3 {[%clk 01:29:17]} {[%emt
00:01:19]} Nd6 {[%clk 01:31:00]} {[%emt 00:00:38]} 11. Nd2 {[%clk 01:28:59]}
{[%emt 00:00:50]} Ndf5 {[%clk 01:30:47]} {[%emt 00:00:39]} 12. Bxf5 {[%clk
01:29:05]} {[%emt 00:00:28]} Nxf5 {[%clk 01:30:54]} {[%emt 00:00:20]} 13. Bxd8
{[%clk 01:29:23]} {[%emt 00:00:12]} Kxd8 {[%clk 01:31:06]} {[%emt 00:00:15]}
14. Nxf7+ {[%clk 01:29:46]} {[%emt 00:00:11]} Ke8 {[%clk 01:31:11]} {[%emt
00:00:24]} 15. Nxh8 {[%clk 01:30:07]} {[%emt 00:00:12]} Kf8 {[%clk 01:30:57]}
{[%emt 00:00:37]} 16. Qf3 {[%clk 01:30:16]} {[%emt 00:00:28]} d6 {[%clk
01:30:10]} {[%emt 00:01:15]} 17. Nc4 {[%clk 01:30:23]} {[%emt 00:00:24]} Nh4
{[%clk 01:30:01]} {[%emt 00:00:38]} 18. Qf7# {[%clk 01:30:30]} {[%emt
00:00:24]} 1-0

[Event "DVM U16w 2023"]
[Site "Magdeburg GER"]
[Date "2023.12.29"]
[Round "6"]
[White "Bakó, Isabella"]
[Black "Kern, Jennifer"]
[Result "1/2-1/2"]
[Termination "normal"]
[Board "10.1"]
[WhiteElo "1399"]
[BlackElo "1363"]
[WhiteClock "00:01:19"]
[BlackClock "00:13:03"]
[WhiteTeam "SV Stuttgart-Wolfbusch 1956"]
[BlackTeam "SC Bad Dürkheim-Wachenheim"]
[PlyCount "81"]
[WhiteFideId "16287266"]
[BlackFideId "16251350"]
[EventCountry "GER"]
[EventRounds "7"]
[EventType "team-swiss"]
[EventDate "2023.12.26"]

1. e4 {[%clk 01:30:57]} {[%emt 00:00:02]} e5 {[%clk 01:30:51]} {[%emt
00:00:11]} 2. Nf3 {[%clk 01:31:20]} {[%emt 00:00:05]} Nf6 {[%clk 01:30:23]}
{[%emt 00:00:59]} 3. Nxe5 {[%clk 01:31:18]} {[%emt 00:00:32]} d6 {[%clk
01:30:37]} {[%emt 00:00:17]} 4. Nf3 {[%clk 01:31:41]} {[%emt 00:00:05]} Nxe4
{[%clk 01:30:32]} {[%emt 00:00:36]} 5. Nc3 {[%clk 01:31:55]} {[%emt 00:00:16]}
Nxc3 {[%clk 01:28:56]} {[%emt 00:02:06]} 6. dxc3 {[%clk 01:32:19]} {[%emt
00:00:05]} Bg4 {[%clk 01:28:29]} {[%emt 00:00:58]} 7. Be3 {[%clk 01:31:56]}
{[%emt 00:00:53]} Be7 {[%clk 01:27:17]} {[%emt 00:01:42]} 8. Be2 {[%clk
01:30:24]} {[%emt 00:02:02]} O-O {[%clk 01:22:15]} {[%emt 00:05:32]} 9. h3
{[%clk 01:28:53]} {[%emt 00:02:01]} Be6 {[%clk 01:22:02]} {[%emt 00:00:44]} 10.
Qd2 {[%clk 01:27:51]} {[%emt 00:01:31]} Nd7 {[%clk 01:21:13]} {[%emt 00:01:19]}
11. O-O-O {[%clk 01:24:07]} {[%emt 00:04:15]} a5 {[%clk 01:19:38]} {[%emt
00:02:06]} 12. Kb1 {[%clk 01:24:18]} {[%emt 00:00:18]} c6 {[%clk 01:15:45]}
{[%emt 00:04:23]} 13. h4 {[%clk 01:17:59]} {[%emt 00:06:49]} b5 {[%clk
01:12:54]} {[%emt 00:03:22]} 14. Nd4 {[%clk 01:10:29]} {[%emt 00:08:00]} Bd5
{[%clk 01:09:31]} {[%emt 00:03:53]} 15. h5 {[%clk 01:05:02]} {[%emt 00:05:56]}
Ne5 {[%clk 01:04:16]} {[%emt 00:05:46]} 16. f4 {[%clk 00:52:17]} {[%emt
00:13:16]} Nc4 {[%clk 01:02:11]} {[%emt 00:02:33]} 17. Bxc4 {[%clk 00:47:49]}
{[%emt 00:04:58]} bxc4 {[%clk 00:58:18]} {[%emt 00:04:24]} 18. f5 {[%clk
00:44:33]} {[%emt 00:03:45]} c5 {[%clk 00:54:11]} {[%emt 00:04:38]} 19. Nf3
{[%clk 00:42:42]} {[%emt 00:02:21]} Be4 {[%clk 00:49:28]} {[%emt 00:05:12]} 20.
h6 {[%clk 00:39:32]} {[%emt 00:03:40]} g6 {[%clk 00:47:44]} {[%emt 00:02:14]}
21. fxg6 {[%clk 00:34:12]} {[%emt 00:05:50]} fxg6 {[%clk 00:45:41]} {[%emt
00:02:33]} 22. Ng5 {[%clk 00:32:54]} {[%emt 00:01:48]} Bxg5 {[%clk 00:43:25]}
{[%emt 00:02:46]} 23. Bxg5 {[%clk 00:32:49]} {[%emt 00:00:32]} Qc7 {[%clk
00:41:50]} {[%emt 00:02:08]} 24. Rhe1 {[%clk 00:31:49]} {[%emt 00:01:30]} d5
{[%clk 00:39:47]} {[%emt 00:02:35]} 25. Rf1 {[%clk 00:21:38]} {[%emt 00:10:40]}
Qb7 {[%clk 00:34:37]} {[%emt 00:05:39]} 26. Be3 {[%clk 00:21:11]} {[%emt
00:00:57]} Rxf1 {[%clk 00:34:21]} {[%emt 00:00:46]} 27. Rxf1 {[%clk 00:21:25]}
{[%emt 00:00:16]} Rb8 {[%clk 00:34:37]} {[%emt 00:00:15]} 28. Qc1 {[%clk
00:20:50]} {[%emt 00:01:04]} Qb6 {[%clk 00:33:14]} {[%emt 00:01:54]} 29. Rd1
{[%clk 00:17:08]} {[%emt 00:04:12]} a4 {[%clk 00:33:18]} {[%emt 00:00:26]} 30.
Ka1 {[%clk 00:16:12]} {[%emt 00:01:25]} Qa5 {[%clk 00:31:04]} {[%emt 00:02:44]}
31. a3 {[%clk 00:15:36]} {[%emt 00:01:06]} Bxg2 {[%clk 00:30:51]} {[%emt
00:00:43]} 32. Rg1 {[%clk 00:13:39]} {[%emt 00:02:26]} Be4 {[%clk 00:30:56]}
{[%emt 00:00:26]} 33. Qd1 {[%clk 00:12:37]} {[%emt 00:01:32]} Qb5 {[%clk
00:30:34]} {[%emt 00:00:53]} 34. Bc1 {[%clk 00:12:30]} {[%emt 00:00:36]} Qd7
{[%clk 00:30:28]} {[%emt 00:00:36]} 35. Rf1 {[%clk 00:11:06]} {[%emt 00:01:54]}
Qe7 {[%clk 00:26:42]} {[%emt 00:04:16]} 36. Re1 {[%clk 00:09:55]} {[%emt
00:01:42]} Qf6 {[%clk 00:25:13]} {[%emt 00:01:58]} 37. Rf1 {[%clk 00:08:54]}
{[%emt 00:01:30]} Qb6 {[%clk 00:23:11]} {[%emt 00:02:32]} 38. Rf4 {[%clk
00:07:42]} {[%emt 00:01:41]} Rd8 {[%clk 00:19:39]} {[%emt 00:04:03]} 39. Qf1
{[%clk 00:04:10]} {[%emt 00:04:03]} Bxc2 {[%clk 00:17:06]} {[%emt 00:03:02]}
40. Rf7 {[%clk 00:02:59]} {[%emt 00:01:41]} Bf5 {[%clk 00:13:03]} {[%emt
00:04:32]} 41. Rg7+ {[%clk 00:01:19]} {[%emt 00:02:11]} *